000 00592nam a22002057a 4500
003 BUBTL
008 221117b ||||| |||| 00| 0 eng d
020 _a9788131711507
082 _a812.52/ M6121d/ 2008
100 _94911
_aMiller, Arthur
245 _aDeath of a Salesman :
_cArthur Miller
250 _a1st Edn.
260 _aNew Delhi
_bPearson
_cc2008
300 _a112 p.:
_c20 cm
505 _aDeath of Salesman, Arthur Miller
650 0 _91994
_aEnglish Literature
856 _k0
_l0
_yDownload
942 _2ddc
_cBK
999 _c6798
_d6798